000 02902cam a22005057i 4500
001 14067
003 BD-JhCC
005 20240914083420.0
008 160822s2016 orua f 000 0 eng d
020 _a9781942788003
035 _a(OCoLC)14067
040 _aBTCTA
_erda
_cBTCTA
_dYDXCP
_dBDX
_dOCLCQ
_dCPL
_dNBO
_dOCLCF
_dQBX
_dGO3
_dOCLCA
_dZ35
_dCHVBK
_dOCLCO
_dBKL
_dOCL
_dOCLCA
_dQQ3
_dDLC
041 _aeng
050 0 0 _aQA76.76.D47
_bK555 2016
082 0 4 _a005.12
_223
_bKIM 2016
100 1 _aKim, Gene,
245 1 4 _aThe DevOps handbook :
_bhow to create world-class agility, reliability, & security in technology organizations /
_cby Gene Kim, Jez Humble, Patrick Debois, and John Willis ; foreword by John Allspaw.
246 3 0 _aDev ops handbook
250 _aFirst edition.
260 _a Portland:
_bIT Revolution Press;
_c2016.
300 _axxxvii, 437 pages :
_bcolor illustrations ;
_c23 cm
500 _aIncludes bibliographical references (pages 366-407) and index.
504 _aIncludes bibliographical references and index.
520 _a"Increase profitability, elevate work culture, and exceed productivity goals through DevOps practices. More than ever, the effective management of technology is critical for business competitiveness. For decades, technology leaders have struggled to balance agility, reliability, and security. The consequences of failure have never been greater--whether it's the healthcare.gov debacle, cardholder data breaches, or missing the boat with Big Data in the cloud. And yet, high performers using DevOps principles, such as Google, Amazon, Facebook, Etsy, and Netflix, are routinely and reliably deploying code into production hundreds, or even thousands, of times per day. Following in the footsteps of The Phoenix Project, The DevOps Handbook shows leaders how to replicate these incredible outcomes, by showing how to integrate Product Management, Development, QA, IT Operations, and Information Security to elevate your company and win in the marketplace"--
650 0 _aAgile software development.
650 0 _aInformation technology
_xManagement.
650 0 _aComputer software
_xDevelopment.
650 0 _aCorporate culture.
650 0 _aIndustrial management.
650 7 _aAgile software development.
650 7 _aComputer software
_xDevelopment.
650 7 _aCorporate culture.
650 7 _aIndustrial management.
650 7 _aInformation technology
_xManagement.
650 7 _aAgile Softwareentwicklung
650 7 _aDevOps
655 4 _aNonfiction.
655 7 _aHandbooks and manuals.
_2fast
655 7 _aHandbooks and manuals.
_2lcgft
700 1 _aDebois, Patrick,
700 1 _aWillis, John
_c(Writer on information technology),
700 1 _aHumble, Jez,
700 1 _aAllspaw, John,
942 _2ddc
_cBK
999 _c14067
_d14067